{"text_format":"3","workbook":"xlsx","n_sheets":1,"sheets":["t304"],"read":"whole","date_system":"1900"}

{"sheet":"t304","index":0,"n_rows":235,"n_cols":7,"rows_kept":235,"merged":[[0,0,0,6],[28,0,28,5],[48,0,48,5],[170,0,170,5]]}
["TABELA 304.1 - Estatísticas Agrícolas, Município de Lins, Estado de São Paulo, 2016/17."]
["ITEM","UNIDADE","N.DE UPAs","MÍNIMO","MÉDIO","MÁXIMO","TOTAL"]
["Distância à sede do município","km",434,{"v":0,"d":"0.0"},{"v":13.21,"d":"13.2"},33.5,"-"]
["Área total","hectare",434,0.5,{"v":115.29,"d":"115.3"},{"v":2303.1,"d":"2,303.1"},{"v":50034.64,"d":"50,034.6"}]
["Área com cultura perene","hectare",60,0.1,{"v":8.85,"d":"8.9"},{"v":78,"d":"78.0"},530.7]
["Área com cultura temporária","hectare",259,0.1,{"v":122.21,"d":"122.2"},{"v":2028,"d":"2,028.0"},{"v":31651.7,"d":"31,651.7"}]
["Área com pastagem","hectare",273,0.1,{"v":34.39,"d":"34.4"},{"v":612,"d":"612.0"},{"v":9388.7,"d":"9,388.7"}]
["Área com reflorestamento","hectare",37,0.1,{"v":26.53,"d":"26.5"},{"v":251,"d":"251.0"},981.6]
["Área com vegetação natural","hectare",212,0.1,{"v":22.51,"d":"22.5"},541.3,{"v":4772.62,"d":"4,772.6"}]
["Área com vegetação de brejo e várzea","hectare",228,0.1,{"v":7.03,"d":"7.0"},101.5,{"v":1601.9,"d":"1,601.9"}]
["Área em descanso","hectare",47,0.1,{"v":11.01,"d":"11.0"},{"v":60,"d":"60.0"},{"v":517.35,"d":"517.4"}]
["Área complementar","hectare",308,{"v":0.04,"d":"0.0"},{"v":1.92,"d":"1.9"},{"v":73,"d":"73.0"},{"v":590.07,"d":"590.1"}]
["Área das UPAs com (0, 1] ha","hectare",7,0.5,{"v":0.87,"d":"0.9"},{"v":1,"d":"1.0"},6.1]
["Área das UPAs com (1, 2] ha","hectare",10,1.2,{"v":1.84,"d":"1.8"},{"v":2,"d":"2.0"},18.4]
["Área das UPAs com (2, 5] ha","hectare",58,2.2,{"v":3.49,"d":"3.5"},4.8,202.3]
["Área das UPAs com (5, 10] ha","hectare",52,5.2,{"v":7.63,"d":"7.6"},{"v":10,"d":"10.0"},{"v":396.73,"d":"396.7"}]
["Área das UPAs com (10, 20] ha","hectare",47,10.2,{"v":15.56,"d":"15.6"},{"v":20,"d":"20.0"},731.3]
["Área das UPAs com (20, 50] ha","hectare",74,20.2,{"v":34.03,"d":"34.0"},{"v":50,"d":"50.0"},{"v":2517.86,"d":"2,517.9"}]
["Área das UPAs com (50, 100] ha","hectare",66,50.8,{"v":69.04,"d":"69.0"},99.2,{"v":4556.55,"d":"4,556.6"}]
["Área das UPAs com (100, 200] ha","hectare",51,{"v":101,"d":"101.0"},{"v":147.12,"d":"147.1"},{"v":200,"d":"200.0"},{"v":7503.3,"d":"7,503.3"}]
["Área das UPAs com (200, 500] ha","hectare",47,{"v":201,"d":"201.0"},{"v":323.78,"d":"323.8"},496.1,{"v":15217.7,"d":"15,217.7"}]
["Área das UPAs com (500, 1.000] ha","hectare",17,500.8,{"v":640.92,"d":"640.9"},{"v":990,"d":"990.0"},{"v":10895.7,"d":"10,895.7"}]
["Área das UPAs com (1.000, 2.000] ha","hectare",3,{"v":1015.6,"d":"1,015.6"},{"v":1206.33,"d":"1,206.3"},{"v":1545.6,"d":"1,545.6"},{"v":3619,"d":"3,619.0"}]
["Área das UPAs com (2.000, 5.000] ha","hectare",2,{"v":2066.6,"d":"2,066.6"},{"v":2184.85,"d":"2,184.9"},{"v":2303.1,"d":"2,303.1"},{"v":4369.7,"d":"4,369.7"}]
["Área das UPAs com (5.000, 10.000] ha","hectare","-","-","-","-","-"]
["Área das UPAs acima de 10.000 ha","hectare","-","-","-","-","-"]
["Fonte: Secretaria de Agricultura e Abastecimento, CDRS/IEA, Projeto LUPA."]
[]
["TABELA 304.2 - Explorações Animais, Município de Lins, Estado de São Paulo, 2016/17."]
["ITEM","UNIDADE","N.DE UPAs","MÍNIMO","MÉDIO","MÁXIMO","TOTAL"]
["Apicultura","colmeias",2,{"v":3,"d":"3.0"},4.5,{"v":6,"d":"6.0"},{"v":9,"d":"9.0"}]
["Asininos e muares","cabecas",11,{"v":1,"d":"1.0"},{"v":7,"d":"7.0"},{"v":50,"d":"50.0"},{"v":77,"d":"77.0"}]
["Avicultura de corte","cabecas/ano",1,{"v":10,"d":"10.0"},{"v":10,"d":"10.0"},{"v":10,"d":"10.0"},{"v":10,"d":"10.0"}]
["Avicultura ornamental/decorativa/exotica","cabecas",1,{"v":12,"d":"12.0"},{"v":12,"d":"12.0"},{"v":12,"d":"12.0"},{"v":12,"d":"12.0"}]
["Avicultura para ovos","cabecas",3,{"v":8,"d":"8.0"},{"v":16,"d":"16.0"},{"v":30,"d":"30.0"},{"v":48,"d":"48.0"}]
["Bovinocultura de corte","cabecas",141,{"v":2,"d":"2.0"},{"v":108.79,"d":"108.8"},{"v":1889,"d":"1,889.0"},{"v":15339,"d":"15,339.0"}]
["Bovinocultura leiteira","cabecas",87,{"v":2,"d":"2.0"},{"v":63.26,"d":"63.3"},{"v":1137,"d":"1,137.0"},{"v":5504,"d":"5,504.0"}]
["Bovinocultura mista","cabecas",18,{"v":3,"d":"3.0"},{"v":7.22,"d":"7.2"},{"v":15,"d":"15.0"},{"v":130,"d":"130.0"}]
["Bubalinocultura","cabecas",1,{"v":29,"d":"29.0"},{"v":29,"d":"29.0"},{"v":29,"d":"29.0"},{"v":29,"d":"29.0"}]
["Equinocultura","cabecas",103,{"v":1,"d":"1.0"},7.5,{"v":165,"d":"165.0"},{"v":772,"d":"772.0"}]
["Javalis (criadouro)","cabecas",1,{"v":30,"d":"30.0"},{"v":30,"d":"30.0"},{"v":30,"d":"30.0"},{"v":30,"d":"30.0"}]
["Ooutra exploracao animal","cabecas",39,{"v":5,"d":"5.0"},42.1,{"v":150,"d":"150.0"},{"v":1642,"d":"1,642.0"}]
["Ovinocultura","cabecas",16,{"v":2,"d":"2.0"},{"v":28.81,"d":"28.8"},{"v":120,"d":"120.0"},{"v":461,"d":"461.0"}]
["Piscicultura","m2 tanques",2,{"v":65,"d":"65.0"},{"v":1532.5,"d":"1,532.5"},{"v":3000,"d":"3,000.0"},{"v":3065,"d":"3,065.0"}]
["Sericicultura","gramas larvas/ano",1,{"v":1,"d":"1.0"},{"v":1,"d":"1.0"},{"v":1,"d":"1.0"},{"v":1,"d":"1.0"}]
["Suinocultura","cabecas",29,{"v":1,"d":"1.0"},{"v":8.48,"d":"8.5"},{"v":30,"d":"30.0"},{"v":246,"d":"246.0"}]
["Fonte: Secretaria de Agricultura e Abastecimento, CDRS/IEA, Projeto LUPA."]
[]
["TABELA 304.3 -  Máquinas, Implementos e Benfeitorias, Município de Lins, Estado de São Paulo, 2016/17."]
["ITEM","UNIDADE","N.DE UPAs","MÍNIMO","MÉDIO","MÁXIMO","TOTAL"]
["Arado comum (bacia, aiveca)","unidade",99,{"v":1,"d":"1.0"},{"v":1.41,"d":"1.4"},{"v":12,"d":"12.0"},{"v":140,"d":"140.0"}]
["Arado escarificador","unidade",7,{"v":1,"d":"1.0"},{"v":1.57,"d":"1.6"},{"v":5,"d":"5.0"},{"v":11,"d":"11.0"}]
["Arado subsolador","unidade",21,{"v":1,"d":"1.0"},{"v":1.71,"d":"1.7"},{"v":10,"d":"10.0"},{"v":36,"d":"36.0"}]
["Batedeira de cereais","unidade",4,{"v":1,"d":"1.0"},{"v":1.75,"d":"1.8"},{"v":4,"d":"4.0"},{"v":7,"d":"7.0"}]
["Camara fria","unidade",1,{"v":2,"d":"2.0"},{"v":2,"d":"2.0"},{"v":2,"d":"2.0"},{"v":2,"d":"2.0"}]
["Carregadeira de cana","unidade",5,{"v":1,"d":"1.0"},1.6,{"v":4,"d":"4.0"},{"v":8,"d":"8.0"}]
["Carreta de trator","unidade",109,{"v":1,"d":"1.0"},{"v":1.44,"d":"1.4"},{"v":5,"d":"5.0"},{"v":157,"d":"157.0"}]
["Colhedeira acoplada","unidade",8,{"v":1,"d":"1.0"},{"v":1,"d":"1.0"},{"v":1,"d":"1.0"},{"v":8,"d":"8.0"}]
["Colhedeira automotriz","unidade",6,{"v":1,"d":"1.0"},{"v":2.33,"d":"2.3"},{"v":5,"d":"5.0"},{"v":14,"d":"14.0"}]
["Computador","unidade",8,{"v":1,"d":"1.0"},{"v":3.13,"d":"3.1"},{"v":15,"d":"15.0"},{"v":25,"d":"25.0"}]
["Conj.irrigacao autopropelido","unidade",5,{"v":1,"d":"1.0"},1.8,{"v":4,"d":"4.0"},{"v":9,"d":"9.0"}]
["Conj.irrigacao convencional","unidade",19,{"v":1,"d":"1.0"},{"v":1.05,"d":"1.1"},{"v":2,"d":"2.0"},{"v":20,"d":"20.0"}]
["Conj.irrigacao pivot central","unidade",1,{"v":2,"d":"2.0"},{"v":2,"d":"2.0"},{"v":2,"d":"2.0"},{"v":2,"d":"2.0"}]
["Conj.irrigacao/gotejamento/microaspersao","unidade",16,{"v":1,"d":"1.0"},1.5,{"v":5,"d":"5.0"},{"v":24,"d":"24.0"}]
["Conjunto de fenacao","unidade",4,{"v":1,"d":"1.0"},{"v":1,"d":"1.0"},{"v":1,"d":"1.0"},{"v":4,"d":"4.0"}]
["Desintegrador de palha (plantio direto)","unidade",1,{"v":1,"d":"1.0"},{"v":1,"d":"1.0"},{"v":1,"d":"1.0"},{"v":1,"d":"1.0"}]
["Desintegrador, picador, triturador","unidade",67,{"v":1,"d":"1.0"},{"v":1.15,"d":"1.2"},{"v":4,"d":"4.0"},{"v":77,"d":"77.0"}]
["Distribuidor de calcario","unidade",39,{"v":1,"d":"1.0"},{"v":1.26,"d":"1.3"},{"v":4,"d":"4.0"},{"v":49,"d":"49.0"}]
["Embarcação","unidade",1,{"v":2,"d":"2.0"},{"v":2,"d":"2.0"},{"v":2,"d":"2.0"},{"v":2,"d":"2.0"}]
["Ensiladeira","unidade",33,{"v":1,"d":"1.0"},{"v":1.21,"d":"1.2"},{"v":3,"d":"3.0"},{"v":40,"d":"40.0"}]
["Grade aradora (tipo romi)","unidade",42,{"v":1,"d":"1.0"},{"v":1.24,"d":"1.2"},{"v":5,"d":"5.0"},{"v":52,"d":"52.0"}]
["Grade niveladora","unidade",101,{"v":1,"d":"1.0"},{"v":1.28,"d":"1.3"},{"v":12,"d":"12.0"},{"v":129,"d":"129.0"}]
["Implementos para tracao animal","unidade",4,{"v":1,"d":"1.0"},{"v":2,"d":"2.0"},{"v":4,"d":"4.0"},{"v":8,"d":"8.0"}]
["Misturador de racao","unidade",15,{"v":1,"d":"1.0"},{"v":1.07,"d":"1.1"},{"v":2,"d":"2.0"},{"v":16,"d":"16.0"}]
["Mmicrotrator","unidade",12,{"v":1,"d":"1.0"},{"v":1.17,"d":"1.2"},{"v":3,"d":"3.0"},{"v":14,"d":"14.0"}]
["Ordenhadeira mecanica","unidade",25,{"v":1,"d":"1.0"},{"v":1.04,"d":"1.0"},{"v":2,"d":"2.0"},{"v":26,"d":"26.0"}]
["Pulverizador tratorizado","unidade",44,{"v":1,"d":"1.0"},{"v":1.25,"d":"1.3"},{"v":4,"d":"4.0"},{"v":55,"d":"55.0"}]
["Resfriador de leite, tanque expansao","unidade",20,{"v":1,"d":"1.0"},{"v":1.25,"d":"1.3"},{"v":3,"d":"3.0"},{"v":25,"d":"25.0"}]
["Retroescavadeira","unidade",1,{"v":3,"d":"3.0"},{"v":3,"d":"3.0"},{"v":3,"d":"3.0"},{"v":3,"d":"3.0"}]
["Roçadeira costal","unidade",15,{"v":1,"d":"1.0"},{"v":1.27,"d":"1.3"},{"v":3,"d":"3.0"},{"v":19,"d":"19.0"}]
["Roçadeira tratorizada","unidade",25,{"v":1,"d":"1.0"},{"v":1.04,"d":"1.0"},{"v":2,"d":"2.0"},{"v":26,"d":"26.0"}]
["Roçadora","unidade",37,{"v":1,"d":"1.0"},{"v":1.27,"d":"1.3"},{"v":3,"d":"3.0"},{"v":47,"d":"47.0"}]
["Semeadeira/adubadeira para plantio convencional","unidade",36,{"v":1,"d":"1.0"},{"v":1.25,"d":"1.3"},{"v":4,"d":"4.0"},{"v":45,"d":"45.0"}]
["Semeadeira/plantadeira plantio direto","unidade",5,{"v":1,"d":"1.0"},1.6,{"v":3,"d":"3.0"},{"v":8,"d":"8.0"}]
["Tecnologias de gps para controle de máquinas","unidade",1,{"v":2,"d":"2.0"},{"v":2,"d":"2.0"},{"v":2,"d":"2.0"},{"v":2,"d":"2.0"}]
["Terraceador","unidade",7,{"v":1,"d":"1.0"},{"v":1.57,"d":"1.6"},{"v":3,"d":"3.0"},{"v":11,"d":"11.0"}]
["Trator de esteiras","unidade",2,{"v":1,"d":"1.0"},{"v":1,"d":"1.0"},{"v":1,"d":"1.0"},{"v":2,"d":"2.0"}]
["Trator de pneus  acima de 85 cv","unidade",19,{"v":1,"d":"1.0"},{"v":2.53,"d":"2.5"},{"v":10,"d":"10.0"},{"v":48,"d":"48.0"}]
["Trator de pneus até 65 cv","unidade",64,{"v":1,"d":"1.0"},{"v":1.13,"d":"1.1"},{"v":4,"d":"4.0"},{"v":72,"d":"72.0"}]
["Trator de pneus de 66 cv a 85 cv","unidade",47,{"v":1,"d":"1.0"},{"v":1.47,"d":"1.5"},{"v":6,"d":"6.0"},{"v":69,"d":"69.0"}]
["Acude/represa","unidade",105,{"v":1,"d":"1.0"},{"v":2.04,"d":"2.0"},{"v":11,"d":"11.0"},{"v":214,"d":"214.0"}]
["Almoxarifado/oficina","unidade",33,{"v":1,"d":"1.0"},{"v":1.03,"d":"1.0"},{"v":2,"d":"2.0"},{"v":34,"d":"34.0"}]
["Armazem para graos ensacados","sacas",12]
["Balanca para bovinos","unidade",14,{"v":1,"d":"1.0"},{"v":1,"d":"1.0"},{"v":1,"d":"1.0"},{"v":14,"d":"14.0"}]
["Balanca para veiculos","unidade",2,{"v":1,"d":"1.0"},{"v":1,"d":"1.0"},{"v":1,"d":"1.0"},{"v":2,"d":"2.0"}]
["Barracao para bicho da seda/sirgaria","unidade",2,{"v":1,"d":"1.0"},1.5,{"v":2,"d":"2.0"},{"v":3,"d":"3.0"}]
["Barracao para granja/avicultura","unidade",6,{"v":1,"d":"1.0"},5.5,{"v":24,"d":"24.0"},{"v":33,"d":"33.0"}]
["Barracao/galpao/garagem","unidade",141,{"v":1,"d":"1.0"},{"v":1.23,"d":"1.2"},{"v":4,"d":"4.0"},{"v":174,"d":"174.0"}]
["Casa de moradia habitada","unidade",251,{"v":1,"d":"1.0"},{"v":2.09,"d":"2.1"},{"v":70,"d":"70.0"},{"v":524,"d":"524.0"}]
["Casa de moradia total","unidade",276,{"v":1,"d":"1.0"},{"v":2.64,"d":"2.6"},{"v":75,"d":"75.0"},{"v":728,"d":"728.0"}]
["Curral/mangueira","unidade",184,{"v":1,"d":"1.0"},{"v":1.07,"d":"1.1"},{"v":3,"d":"3.0"},{"v":197,"d":"197.0"}]
["Deposito/tulha","unidade",82,{"v":1,"d":"1.0"},{"v":1.05,"d":"1.1"},{"v":2,"d":"2.0"},{"v":86,"d":"86.0"}]
["Engenho","unidade",1,{"v":1,"d":"1.0"},{"v":1,"d":"1.0"},{"v":1,"d":"1.0"},{"v":1,"d":"1.0"}]
["Estabulo","unidade",26,{"v":1,"d":"1.0"},{"v":1.15,"d":"1.2"},{"v":3,"d":"3.0"},{"v":30,"d":"30.0"}]
["Estacao/posto meteorologico","unidade",1,{"v":1,"d":"1.0"},{"v":1,"d":"1.0"},{"v":1,"d":"1.0"},{"v":1,"d":"1.0"}]
["Estufa/plasticultura","m2",19]
["Fabrica de racao","unidade",11,{"v":1,"d":"1.0"},{"v":1,"d":"1.0"},{"v":1,"d":"1.0"},{"v":11,"d":"11.0"}]
["Instalacoes para equinos","unidade",7,{"v":1,"d":"1.0"},{"v":1.43,"d":"1.4"},{"v":4,"d":"4.0"},{"v":10,"d":"10.0"}]
["Maquina de beneficio","unidade",6,{"v":1,"d":"1.0"},{"v":1,"d":"1.0"},{"v":1,"d":"1.0"},{"v":6,"d":"6.0"}]
["Packing house","unidade",1,{"v":1,"d":"1.0"},{"v":1,"d":"1.0"},{"v":1,"d":"1.0"},{"v":1,"d":"1.0"}]
["Pocilga","unidade",20,{"v":1,"d":"1.0"},{"v":1,"d":"1.0"},{"v":1,"d":"1.0"},{"v":20,"d":"20.0"}]
["Poco semi-artesiano","unidade",136,{"v":1,"d":"1.0"},{"v":1.07,"d":"1.1"},{"v":2,"d":"2.0"},{"v":146,"d":"146.0"}]
["Secador de graos","unidade",1,{"v":1,"d":"1.0"},{"v":1,"d":"1.0"},{"v":1,"d":"1.0"},{"v":1,"d":"1.0"}]
["Silo para silagem","ton",18]
["Terreiro","m2",28]
["Usina de acucar/destilaria","unidade",1,{"v":1,"d":"1.0"},{"v":1,"d":"1.0"},{"v":1,"d":"1.0"},{"v":1,"d":"1.0"}]
["Fonte: Secretaria de Agricultura e Abastecimento, CDRS/IEA, Projeto LUPA."]
[]
["TABELA 304.4 - Outras Estatísticas Agrícolas, Município de Lins, Estado de São Paulo, 2016/17."]
["ITEM","Número de UPAs",null,"Percentual"]
["Faz Parte de Associação de Produtores",59,null,{"v":13.594470046082948,"d":"13.6"}]
["Faz Parte de Cooperativa de Produtores",64,null,{"v":14.746543778801842,"d":"14.7"}]
["Faz Parte do Sindicato de Produtores",124,null,{"v":28.57142857142857,"d":"28.6"}]
["Não utiliza assistência técnica ",79,null,{"v":18.202764976958527,"d":"18.2"}]
["Utiliza somente assistência técnica governamental ",66,null,{"v":15.2073732718894,"d":"15.2"}]
["Utiliza somente assistência técnica privada ",87,null,{"v":20.046082949308754,"d":"20.0"}]
["Utiliza assistência técnica tanto governamental quanto privada",202,null,{"v":46.54377880184332,"d":"46.5"}]
["Utiliza Crédito Rural",83,null,{"v":19.12442396313364,"d":"19.1"}]
["Utiliza Seguro Rural",31,null,{"v":7.142857142857143,"d":"7.1"}]
["Utiliza Escrituração Agrícola",187,null,{"v":43.08755760368663,"d":"43.1"}]
["Acessa Internet p/ Fins na Agropecuária",105,null,{"v":24.193548387096772,"d":"24.2"}]
["Utiliza Computador nas Atividades Agropecuárias",76,null,{"v":17.51152073732719,"d":"17.5"}]
["Utiliza Energia Elétrica Para Uso na Atividade Agrícola",291,null,{"v":67.05069124423963,"d":"67.1"}]
["Utiliza Energia Alternativa","-",null,"-"]
["Realiza Análise de Solo, quando necessário",257,null,{"v":59.216589861751146,"d":"59.2"}]
["Realiza Calagem",247,null,{"v":56.91244239631337,"d":"56.9"}]
["Utiliza Práticas de Conservação de Solo, quando necessário",294,null,{"v":67.74193548387096,"d":"67.7"}]
["Faz Adubação Mineral, quando necessário",288,null,{"v":66.3594470046083,"d":"66.4"}]
["Faz Adubação Orgânica, quando necessário",160,null,{"v":36.866359447004605,"d":"36.9"}]
["Faz Adubação Verde, quando necessário",154,null,{"v":35.483870967741936,"d":"35.5"}]
["Utiliza Manejo Integrado de Pragas (MIP)",13,null,{"v":2.9953917050691246,"d":"3.0"}]
["Utiliza Hidroponia",3,null,{"v":0.6912442396313364,"d":"0.7"}]
["Utiliza Cultivo em Estufa",14,null,{"v":3.2258064516129035,"d":"3.2"}]
["Utiliza Mudas Fiscalizadas",103,null,{"v":23.732718894009217,"d":"23.7"}]
["Utiliza Semente Melhorada",116,null,{"v":26.72811059907834,"d":"26.7"}]
["Faz Confinamento de Bovinos",10,null,{"v":2.3041474654377883,"d":"2.3"}]
["Utiliza Pastejo Intensivo",64,null,{"v":14.746543778801842,"d":"14.7"}]
["Faz Inseminação Artificial",28,null,{"v":6.451612903225807,"d":"6.5"}]
["Faz Mineralização do Rebanho",211,null,{"v":48.617511520737324,"d":"48.6"}]
["Faz Vermifugação do Rebanho",212,null,{"v":48.8479262672811,"d":"48.8"}]
["Possui Parceiros /Arrendatários na Exploração Animal",195,null,{"v":44.93087557603686,"d":"44.9"}]
["Existência de trabalhadores c/ deficiência na UPA",3,null,{"v":0.6912442396313364,"d":"0.7"}]
["Esporte e lazer",3,null,{"v":0.6912442396313364,"d":"0.7"}]
["Extração mineral","-",null,"-"]
["Hotel Fazenda, Pousada ou SPA",1,null,{"v":0.2304147465437788,"d":"0.2"}]
["Pesque-pague","-",null,"-"]
["Restaurante ou Lanchonete",3,null,{"v":0.6912442396313364,"d":"0.7"}]
["Transformação artesanal",3,null,{"v":0.6912442396313364,"d":"0.7"}]
["Turismo rural ou ecoturismo",3,null,{"v":0.6912442396313364,"d":"0.7"}]
["Outras atividades econômicas rurais",14,null,{"v":3.2258064516129035,"d":"3.2"}]
["Agroindústria","-",null,"-"]
["Proprietário sem instrução ou com instrução incompleta",3,null,{"v":0.6912442396313364,"d":"0.7"}]
["Proprietário com antigo primário completo",78,null,{"v":17.972350230414747,"d":"18.0"}]
["Proprietário com 1° grau (ou antigo ginasial) completo",47,null,{"v":10.829493087557603,"d":"10.8"}]
["Proprietário com 2° grau (ou antigo colegial) completo",92,null,{"v":21.19815668202765,"d":"21.2"}]
["Proprietário com curso superior completo ",196,null,{"v":45.16129032258064,"d":"45.2"}]
["Pessoa Jurídica",18,null,{"v":4.147465437788019,"d":"4.1"}]
["Proprietário residente na própria UPA ",115,null,{"v":26.497695852534562,"d":"26.5"}]
["Fonte: Secretaria de Agricultura e Abastecimento, CDRS/IEA, Projeto LUPA."]
[]
["TABELA 304.5 - Área Cultivada, Município de Lins, Estado de São Paulo, 2016/17."]
["CULTURA","N.DE UPAs","MÍNIMO","MÉDIO","MÁXIMO","TOTAL"]
["Cana-de-acucar finalidade industria",186,{"v":8,"d":"8.0"},{"v":159.68,"d":"159.7"},{"v":2028,"d":"2,028.0"},{"v":29700.4,"d":"29,700.4"}]
["Braquiaria",265,0.1,{"v":33.81,"d":"33.8"},{"v":612,"d":"612.0"},{"v":8959.7,"d":"8,959.7"}]
["Milho safra",28,0.5,{"v":38.56,"d":"38.6"},504.4,{"v":1079.7,"d":"1,079.7"}]
["Eucalipto",37,0.1,{"v":26.53,"d":"26.5"},{"v":251,"d":"251.0"},981.6]
["Seringueira",15,{"v":1,"d":"1.0"},{"v":26.59,"d":"26.6"},{"v":78,"d":"78.0"},398.8]
["Coloniao",4,3.1,{"v":96.78,"d":"96.8"},{"v":184,"d":"184.0"},387.1]
["Cana-de-acucar outras finalidades",13,0.2,{"v":23.02,"d":"23.0"},198.2,299.3]
["Amendoim",1,{"v":242,"d":"242.0"},{"v":242,"d":"242.0"},{"v":242,"d":"242.0"},{"v":242,"d":"242.0"}]
["Soja",5,{"v":10,"d":"10.0"},{"v":40.54,"d":"40.5"},81.1,202.7]
["Milho-silagem",4,1.2,{"v":11.45,"d":"11.5"},{"v":20,"d":"20.0"},45.8]
["Cafe",7,0.9,{"v":5.11,"d":"5.1"},16.9,35.8]
["Laranja Industria",1,{"v":30,"d":"30.0"},{"v":30,"d":"30.0"},{"v":30,"d":"30.0"},{"v":30,"d":"30.0"}]
["Outras olericolas",16,0.1,{"v":1.26,"d":"1.3"},{"v":8,"d":"8.0"},20.2]
["Sorgo-forrageiro",2,4.8,8.4,{"v":12,"d":"12.0"},16.8]
["Gramíneas para fenação (tonelada)",1,{"v":12,"d":"12.0"},{"v":12,"d":"12.0"},{"v":12,"d":"12.0"},{"v":12,"d":"12.0"}]
["Limao",3,0.7,{"v":3.83,"d":"3.8"},{"v":10,"d":"10.0"},11.5]
["Abacate",3,0.1,{"v":3.37,"d":"3.4"},{"v":8,"d":"8.0"},10.1]
["Pomar domestico",18,0.1,{"v":0.56,"d":"0.6"},{"v":2,"d":"2.0"},10.1]
["Anona (fruta-do-conde, ou pinha, ou atemoia)",3,2.4,{"v":3.13,"d":"3.1"},{"v":4,"d":"4.0"},9.4]
["Alface",16,0.1,{"v":0.58,"d":"0.6"},2.5,9.2]
["Gramas",3,{"v":1,"d":"1.0"},{"v":2.87,"d":"2.9"},{"v":4,"d":"4.0"},8.6]
["Macadamia (ou noz-macadamia)",2,{"v":3,"d":"3.0"},{"v":3.75,"d":"3.8"},4.5,7.5]
["Abobora (ou jerimum)",9,0.2,{"v":0.72,"d":"0.7"},{"v":2,"d":"2.0"},6.5]
["Mandioca",8,0.1,0.8,{"v":2,"d":"2.0"},6.4]
["Tomate envarado",7,0.1,{"v":0.89,"d":"0.9"},{"v":4,"d":"4.0"},6.2]
["Berinjela",10,0.1,{"v":0.47,"d":"0.5"},1.5,4.7]
["Manga",4,0.1,{"v":1.13,"d":"1.1"},{"v":2,"d":"2.0"},4.5]
["Pepino",9,0.1,{"v":0.48,"d":"0.5"},{"v":2,"d":"2.0"},4.3]
["Outras culturas temporárias",1,3.5,3.5,3.5,3.5]
["Quiabo",2,0.2,1.7,3.2,3.4]
["Mamao",1,3.2,3.2,3.2,3.2]
["Coco-da-baia",1,3.1,3.1,3.1,3.1]
["Pimentao",7,0.1,{"v":0.43,"d":"0.4"},{"v":1,"d":"1.0"},{"v":3,"d":"3.0"}]
["Capim-napier (ou capim-elefante)",4,0.1,{"v":0.68,"d":"0.7"},1.2,2.7]
["Sorgo",1,2.4,2.4,2.4,2.4]
["Cebolinha",7,0.1,{"v":0.33,"d":"0.3"},0.7,2.3]
["Feijao",1,{"v":2,"d":"2.0"},{"v":2,"d":"2.0"},{"v":2,"d":"2.0"},{"v":2,"d":"2.0"}]
["Roma",1,{"v":2,"d":"2.0"},{"v":2,"d":"2.0"},{"v":2,"d":"2.0"},{"v":2,"d":"2.0"}]
["Outras gramineas para pastagem",1,1.8,1.8,1.8,1.8]
["Outras frutiferas",3,0.1,{"v":0.53,"d":"0.5"},{"v":1,"d":"1.0"},1.6]
["Banana",3,0.1,0.5,0.9,1.5]
["Pupunha",1,1.5,1.5,1.5,1.5]
["Lichia",1,1.5,1.5,1.5,1.5]
["Milho-doce(verde)",3,0.2,0.4,0.7,1.2]
["Laranja Mercado",1,{"v":1,"d":"1.0"},{"v":1,"d":"1.0"},{"v":1,"d":"1.0"},{"v":1,"d":"1.0"}]
["Repolho",2,0.5,0.5,0.5,{"v":1,"d":"1.0"}]
["Couve-flor",2,0.4,{"v":0.45,"d":"0.5"},0.5,0.9]
["Brocolos (ou brocolis)",2,0.4,0.4,0.4,0.8]
["Caqui",1,0.5,0.5,0.5,0.5]
["Cenoura",1,0.5,0.5,0.5,0.5]
["Maracuja",1,0.4,0.4,0.4,0.4]
["Feijao-vagem (ou vagem, ou feijao-verde)",2,0.1,{"v":0.15,"d":"0.2"},0.2,0.3]
["Outros viveiros",1,0.3,0.3,0.3,0.3]
["Chicoria (ou chicoria-de-folha-crespa)",1,0.3,0.3,0.3,0.3]
["Couve (ou couve-crespa)",1,0.2,0.2,0.2,0.2]
["Espinafre (ou espinafre-europeu)",1,0.1,0.1,0.1,0.1]
["Pimenta",1,0.1,0.1,0.1,0.1]
["Horta domestica",1,0.1,0.1,0.1,0.1]
["Floricultura para vaso",1,0.1,0.1,0.1,0.1]
["Acerola (ou cereja-das-antilhas)",1,0.1,0.1,0.1,0.1]
["Cereja (ou cereja-da-europa)",1,0.1,0.1,0.1,0.1]
["Maca",1,0.1,0.1,0.1,0.1]
["Fonte: Secretaria de Agricultura e Abastecimento, CDRS/IEA, Projeto LUPA."]